The Anglo-Maratha Campaigns and the Contest for India : (Record no. 580063)

MARC details
000 -LEADER
fixed length control field 00483nam a2200193 a 4500
008 - FIXED-LENGTH DATA ELEMENTS--GENERAL INFORMATION
fixed length control field 250811s2005##################000#0#eng##
020 ## - INTERNATIONAL STANDARD BOOK NUMBER
ISBN 9788175962507
082 04 - DEWEY DECIMAL CLASSIFICATION NUMBER
Classification number 954.0312
Item number COO
100 1# - MAIN ENTRY--AUTHOR NAME
Personal name Cooper,
245 10 - TITLE STATEMENT
Title The Anglo-Maratha Campaigns and the Contest for India :
260 ## - PUBLICATION, DISTRIBUTION, ETC. (IMPRINT)
Year of publication 2005.
300 ## - PHYSICAL DESCRIPTION
Number of Pages 437 pages
650 #0 - SUBJECT ADDED ENTRY--TOPICAL TERM
Topical Term Maratha War, 1803.
942 ## - ADDED ENTRY ELEMENTS (KOHA)
Koha item type English Books
Holdings
Withdrawn status Lost status Damaged status Not for loan Home library Current library Shelving location Date acquired Full call number Accession Number Price effective from Koha item type
        Anna Centenary Library Anna Centenary Library 7TH FLOOR, B WING 11.08.2025 954.0312 COO 98510 11.08.2025 English Books

Find us on the map